Manejo Agroecológico de Sistemas de Producción Agropecuario
| Main Author: | |
|---|---|
| Format: | Section = Libro |
| Language: | Undetermined Spanish |
| Published: |
Managua
CIPRES
1998
|
| Subjects: |
| LEADER | 00609nam a2200205Ia 4500 | ||
|---|---|---|---|
| 008 | 241007s9999||||xx |||||||||||||| ||und|| | ||
| 020 | |a 99924-801-0-6 | ||
| 040 | |a BIBLIOTECA-RURC/ 630 M274 | ||
| 041 | |a spa | ||
| 082 | |a 630 M274 | ||
| 100 | 1 | |a Antón, Tito | |
| 245 | 1 | 0 | |a Manejo Agroecológico de Sistemas de Producción Agropecuario |
| 260 | |a Managua |b CIPRES |c 1998 | ||
| 300 | |a 140 p.:il. | ||
| 650 | 7 | |a LA AGRICULTURA AGROECOLOGICA | |
| 650 | 7 | |b EL SISTEMA SUELO Y SU IMPORTANCIA PARA LA PRODUCIÓN AGRÍCOLA | |
| 650 | 7 | |c CONTROL NATURAL DE PLAGAS | |
| 942 | |c BK |2 ddc | ||
| 991 | |a TEXTO | ||
| 999 | |c 14510 | ||